|
|
|
|
| LEADER |
00960nam a22002772a 4500 |
| 001 |
001374734 |
| 003 |
CZ BrMZK |
| 005 |
20140506110853.0 |
| 007 |
ta |
| 008 |
140318s1972 xr a er|||||||||||cze d |
| 015 |
|
|
|a cnb000136411
|
| 035 |
|
|
|a (OCoLC)19115268
|
| 040 |
|
|
|a ABA001
|b cze
|c PNA001
|d ABA001
|d SUG001
|d BOA001
|
| 072 |
|
7 |
|a 821.162.3-3
|x Česká próza
|2 Konspekt
|9 25
|
| 080 |
|
|
|a 885-321.1-32
|2 MRF
|
| 100 |
1 |
|
|a Kozák, Jan,
|d 1921-1995
|7 jk01062556
|4 aut
|
| 245 |
1 |
0 |
|a Mariana Radvaková a jiné příběhy /
|c Jan Kozák ; ilustroval Michael Romberg
|
| 250 |
|
|
|a 3. vyd.
|
| 260 |
|
|
|a Praha :
|b Československý spisovatel,
|c 1972
|
| 300 |
|
|
|a 225 s. :
|b il. ;
|c 21 cm
|
| 655 |
|
7 |
|a české povídky
|7 fd133971
|2 czenas
|
| 700 |
1 |
|
|a Romberg, Michael,
|d 1918-1982
|7 jk01102660
|4 ill
|
| 910 |
|
|
|a BOA001
|b 2-0479.529-72
|
| 990 |
|
|
|a BK
|
| 991 |
|
|
|b 201403
|
| 996 |
6 |
|
|b 2619063138
|c 2-0479.529-72
|l MZK
|r Sklad / do 24 hodin
|n 0
|w 001409775
|u 000010
|a 1
|e BOA001
|j MZK50
|s P
|